Library Banner

Encyclopedia of civil laws / (Record no. 121226)

MARC details
000 -LEADER
fixed length control field 00469nam a2200169 4500
005 - DATE AND TIME OF LATEST TRANSACTION
control field 20210222094729.0
008 - FIXED-LENGTH DATA ELEMENTS--GENERAL INFORMATION
fixed length control field 210202b ||||| |||| 00| 0 eng d
040 ## - CATALOGING SOURCE
Transcribing agency PK-LaUMT
082 ## - DEWEY DECIMAL CLASSIFICATION NUMBER
Classification number 346.00264P
Item number ZUL-E
100 ## - MAIN ENTRY--PERSONAL NAME
Personal name Zulfiqar Ali, Ch.
245 ## - TITLE STATEMENT
Title Encyclopedia of civil laws /
Statement of responsibility, etc b y Ch. Zulfiqar Ali
260 ## - PUBLICATION, DISTRIBUTION, ETC. (IMPRINT)
Place of publication, distribution, etc Lahore :
Name of publisher, distributor, etc Al-Noor Law Book House,
Date of publication, distribution, etc 2020
300 ## - PHYSICAL DESCRIPTION
Extent 2 vols.[2067 p.]
650 ## - SUBJECT ADDED ENTRY--TOPICAL TERM
Topical term or geographic name as entry element Laws-Pakistan
650 ## - SUBJECT ADDED ENTRY--TOPICAL TERM
Topical term or geographic name as entry element Courts-Pakistan
942 ## - ADDED ENTRY ELEMENTS (KOHA)
Koha item type Books
Holdings
Withdrawn status Lost status Damaged status Home library Current library Date acquired Full call number Barcode Date last seen Copy number Price effective from Koha item type
      UMT Main Campus UMT Main Campus 2021-02-02 346.00264P ZUL-E 136479 2021-02-02 Vol.1 2021-02-02 Books
      UMT Main Campus UMT Main Campus 2021-02-02 346.00264P ZUL-E 136480 2021-02-02 Vol.2 2021-02-02 Books